| 000 | 00441nam a2200157Ia 4500 | ||
|---|---|---|---|
| 008 | 240729s9999 xx 000 0 und d | ||
| 022 | _a1999-6217 | ||
| 245 | 0 | _aJournal of Nepal Health Research Council | |
| 260 | _aNepal | ||
| 260 | _bNepal Health Research Council | ||
| 650 | _a Public aspects of medicine | ||
| 650 | _aMedicine | ||
| 856 | _uhttps://doaj.org/toc/58e6da89cdaf48aebb7a0461feb402e8 | ||
| 942 | _2ddc | ||
| 942 | _cDOAJEJ | ||
| 999 |
_c70072 _d70072 |
||
| 945 |
_a1 _bMadushi Gamage _c1 _dMadushi Gamage |
||